Catalog

Record Details

Catalog Search



Die Lebenskräfte des Evangeliums : Missionserfahrungen innerhalb des animistischen Heidentums Cover Image Book Book

Die Lebenskräfte des Evangeliums : Missionserfahrungen innerhalb des animistischen Heidentums Johannes Warneck

Record details

  • ISBN: 3-88002-291-7
  • Physical Description: 359 S.
  • Edition: Reprint 6., durchgesehenen Aufl., Berlin 1922
  • Publisher: Bad Liebenzell Verlag der Liebenzeller Mission /198-?/

Available copies

  • 1 of 1 copy available at Common Catalog SPOK.

Holds

  • 0 current holds with 1 total copy.
Show All Copies
Location Call Number / Copy Notes Barcode Shelving Location Status Due Date
ETS Library 266 424470008590 Volný výběr Available -

LDR 00887nam a2 00265
00138350
003CZ-PrJAB
00520040317000000.0
008001220s1800 xr e |||| |ger
009ge
020 . ‡a3-88002-291-7
035 . ‡a(CONS)5279
035 . ‡aKPS7871
040 . ‡aABG450
041 . ‡ager
08214. ‡a266
100 . ‡7869 ‡aWarneck, Johannes G.
245 . ‡aDie Lebenskräfte des Evangeliums : ‡bMissionserfahrungen innerhalb des animistischen Heidentums ‡cJohannes Warneck
250 . ‡aReprint 6., durchgesehenen Aufl., Berlin 1922
260 . ‡aBad Liebenzell ‡bVerlag der Liebenzeller Mission ‡c/198-?/
300 . ‡a359 S.
490 . ‡aEvangelische Missionslehre
653 . ‡aDie Lebenskräfte des Evangeliums ‡aMissionserfahrungen innerhalb des animistischen Heidentums
8524 . ‡bETS ‡bETS ‡cVolný výběr ‡j266 ‡gA ‡p424470008590
910 . ‡aABG450
999 . ‡a5279 ‡bAUTOGEN ‡c5279 ‡tbiblio
905 . ‡uadmin
901 . ‡a38350 ‡b ‡c38350 ‡tbiblio ‡sets

Additional Resources